Państwa Europy- rozsypanka literowa cz. 2 - Statystyki

Ogólne statystyki
  • Ten quiz został rozwiązany 440 razy
  • Średni wynik to 19 z 22
Statystyki odpowiedzi
Rozsypanka literowa Kraj % Poprawnych
ifladnna Finlandia
98%
raiłobśu Białoruś
97%
cowrahcja Chorwacja
95%
jrecga Grecja
95%
woosko Kosowo
95%
lcitheteniens Liechtenstein
95%
soplka Polska
95%
gęryw Węgry
95%
yłhcow Włochy
95%
łomwidaa Mołdawia
91%
sbiorhianeecinogwa Bośnia i Hercegowina
90%
dioalnha Holandia
90%
jroas Rosja
89%
łsawcoaj Słowacja
88%
rwogiaen Norwegia
87%
naadi Dania
86%
ineycm Niemcy
85%
ntesoia Estonia
80%
onadar Andora
71%
keliwtraabyani Wielka Brytania
70%
kuanria Ukraina
64%
amnsriaon San Marino
63%
Nie znaleziono quizów pasujących do podanych kryteriów
Rozkład punktacji
Procent ludzi z każdym wynikiem
Percentyl według liczby udzielonych odpowiedzi
Twoja historia wyników
Nie rozwiązałeś tego quizu